[Event "XX Corsicoscacchi Magistrale"]
[Site "Corsico ITA"]
[Date "2000.04.??"]
[Round "1"]
[White "Astengo, Corrado"]
[Black "Rovatti, Paolo"]
[Result "1-0"]
[WhiteElo "2189"]
[BlackElo "2041"]
[PlyCount "61"]
[EventDate "2000.04.28"]

1. e4 c5 2. Nf3 e6 3. d4 cxd4 4. Nxd4 a6 5. Nc3 Qc7 6. Bd3 Nf6 7. O-O Be7 8.
Be3 b5 9. Kh1 Bb7 10. f3 d6 11. Qe1 Nbd7 12. a3 O-O 13. f4 Nc5 14. Bf2 Rac8 15.
Bg3 Rfd8 16. Rd1 Qb8 17. b4 Nxd3 18. cxd3 Ng4 19. Rc1 Bf6 20. Nb3 Bxc3 21. Rxc3
Rxc3 22. Qxc3 Rc8 23. Qd4 Rc2 24. h3 Nf6 25. Bh4 Nd7 26. Be7 d5 27. e5 Qc8 28.
Bc5 Nb8 29. Qa1 d4 30. Rg1 Qc6 31. Nxd4 1-0

[Event "XX Corsicoscacchi Magistrale"]
[Site "Corsico ITA"]
[Date "2000.04.??"]
[Round "1"]
[White "Barlocco, Carlo"]
[Black "Trillaud, Frederic"]
[Result "1-0"]
[WhiteElo "2170"]
[BlackElo "2026"]
[PlyCount "143"]
[EventDate "2000.04.28"]

1. d4 Nf6 2. c4 e6 3. Bg5 d5 4. Nc3 Be7 5. e3 O-O 6. cxd5 exd5 7. Nf3 c5 8.
dxc5 Bxc5 9. Bxf6 Qxf6 10. Qxd5 Bb4 11. Qd4 Qe7 12. Bd3 Be6 13. Qh4 Qxh4 14.
Nxh4 Nc6 15. Nf3 Rad8 16. Ke2 Rd7 17. Ng5 Bg4+ 18. f3 h6 19. Nge4 Be6 20. a3
Be7 21. Na4 Rfd8 22. Bb5 f5 23. Nec5 Rd2+ 24. Ke1 Bc8 25. Be2 b6 26. Nb3 R2d6
27. Rd1 Be6 28. Rxd6 Rxd6 29. Nd2 Ne5 30. Nc3 Nd3+ 31. Bxd3 Rxd3 32. Ke2 Rd7
33. Rd1 Bf6 34. Ndb1 Bc4+ 35. Kf2 Rd3 36. Rxd3 Bxd3 37. Nd2 Kf7 38. Nb3 g6 39.
Nd4 f4 40. Nde2 fxe3+ 41. Kxe3 Bc4 42. Nd4 Bf1 43. g3 Bg2 44. Ndb5 a6 45. Nc7
Bf1 46. N7d5 Bd8 47. Kd4 Bg2 48. Ke4 g5 49. g4 Bf1 50. Ne3 Bb5 51. Nxb5 axb5
52. Nf5 Kg6 53. Nd6 Bf6 54. b3 b4 55. a4 h5 56. Nc4 hxg4 57. fxg4 Bd8 58. Ne3
Kf6 59. Nd5+ Ke6 60. Nxb4 Bc7 61. Nd5 Bxh2 62. Nxb6 Kd6 63. b4 Bg3 64. Nc4+ Kc6
65. Ne5+ Kb6 66. Kd5 Be1 67. Kc4 Bd2 68. a5+ Ka6 69. Nd3 Be3 70. Nc5+ Ka7 71.
b5 Bf2 72. b6+ 1-0

[Event "XX Corsicoscacchi Magistrale"]
[Site "Corsico ITA"]
[Date "2000.04.??"]
[Round "1"]
[White "Bernago, Federico"]
[Black "Leoni, Fabrizio"]
[Result "0-1"]
[WhiteElo "2103"]
[BlackElo "1920"]
[PlyCount "113"]
[EventDate "2000.04.28"]

1. e4 c6 2. d3 d5 3. Nd2 dxe4 4. dxe4 e5 5. Ngf3 Nd7 6. Bc4 Be7 7. Bb3 Ngf6 8.
O-O O-O 9. c3 Qc7 10. Bc2 Rd8 11. Qe2 Nf8 12. Re1 Ng6 13. Nf1 Nh5 14. Ng3 Nhf4
15. Bxf4 Nxf4 16. Qe3 b6 17. Rad1 Ba6 18. Rxd8+ Rxd8 19. Rd1 Rxd1+ 20. Bxd1 Bc5
21. Qd2 Nd3 22. Nh1 Nf4 23. b4 Be7 24. Ng3 g6 25. Ne2 Nd3 26. Ne1 Nxe1 27. Qxe1
Qd6 28. Bc2 c5 29. a3 Bb7 30. Ng3 Bh4 31. Nf1 Bg5 32. Ne3 Bxe3 33. Qxe3 Kg7 34.
h3 h6 35. Qe1 cxb4 36. cxb4 Qd4 37. Qb1 g5 38. Bd3 Bc6 39. Bc2 Bb5 40. a4 Bc4
41. a5 bxa5 42. bxa5 Qc3 43. Qd1 Qxa5 44. h4 Be6 45. hxg5 hxg5 46. Kh2 Qc5 47.
Qh5 f6 48. Qe2 a5 49. Ba4 Qb4 50. Be8 Qe7 51. Qb5 Qa7 52. Qe2 Bd7 53. Qh5 Bxe8
54. Qxe8 Qd4 55. f3 a4 56. Qe6 a3 57. Qa2 0-1

[Event "XX Corsicoscacchi Magistrale"]
[Site "Corsico ITA"]
[Date "2000.04.??"]
[Round "1"]
[White "Bevilacqua, Maurizio"]
[Black "Pace, Pietro Dario"]
[Result "1-0"]
[WhiteElo "2129"]
[BlackElo "1942"]
[PlyCount "99"]
[EventDate "2000.04.28"]

1. d4 Nf6 2. c4 e6 3. Nf3 d5 4. g3 c6 5. Qc2 Be7 6. Bg2 O-O 7. O-O Ne4 8. Nbd2
f5 9. b3 Nd7 10. Bb2 Qe8 11. Ne1 Qh5 12. Ndf3 g5 13. Nd3 Rf6 14. h3 Nf8 15.
Nfe5 Ng6 16. Rfe1 Bd6 17. e3 Bc7 18. Qd1 Qh6 19. Rc1 Nxe5 20. dxe5 Rf8 21. Qe2
Bd7 22. Kh2 g4 23. h4 Qg7 24. cxd5 Bb6 25. d6 Rae8 26. b4 Bd8 27. Rc4 b5 28.
Rc2 Kh8 29. Bxe4 fxe4 30. Nc5 Rf3 31. Nxe4 Qh6 32. Kg2 Ref8 33. Qd3 Qg6 34. Nc5
Qf7 35. Rf1 Bxh4 36. Nxd7 Qxd7 37. Rh1 Bg5 38. Qe4 Qf7 39. Rf1 Bxe3 40. Qxg4
Bb6 41. Bc1 h5 42. Qg5 Rf5 43. Qh6+ Kg8 44. Bf4 Bd4 45. Rxc6 Qg7 46. Qxg7+ Kxg7
47. Rc7+ R5f7 48. Rfc1 Bb6 49. Rxf7+ Rxf7 50. Be3 1-0

[Event "XX Corsicoscacchi Magistrale"]
[Site "Corsico ITA"]
[Date "2000.04.??"]
[Round "1"]
[White "Bonazzi, Edoardo"]
[Black "Qendro, Llambi"]
[Result "1/2-1/2"]
[WhiteElo "2060"]
[BlackElo "2350"]
[PlyCount "50"]
[EventDate "2000.04.28"]

1. c4 g6 2. g3 Bg7 3. Bg2 e5 4. Nc3 d6 5. e3 Nc6 6. Nge2 Nge7 7. d3 O-O 8. O-O
Bg4 9. Rb1 a5 10. a3 Qd7 11. Nd5 Nxd5 12. cxd5 Ne7 13. b4 axb4 14. axb4 Ra2 15.
Bb2 Bxe2 16. Qxe2 Qb5 17. Qc2 c6 18. Qc4 Qxc4 19. dxc4 cxd5 20. cxd5 Rc8 21.
Rfc1 Rxc1+ 22. Bxc1 f5 23. e4 fxe4 24. Bxe4 Re2 25. Be3 Bf8 1/2-1/2

[Event "XX Corsicoscacchi Magistrale"]
[Site "Corsico ITA"]
[Date "2000.04.??"]
[Round "1"]
[White "Everet, Alexandro"]
[Black "Griffa, Roberto"]
[Result "1-0"]
[WhiteElo "2357"]
[BlackElo "2062"]
[PlyCount "61"]
[EventDate "2000.04.28"]

1. d4 e6 2. c4 b6 3. Nc3 Bb7 4. e4 Bb4 5. Bd3 f5 6. d5 fxe4 7. Bxe4 Qh4 8. Qe2
Nf6 9. Bd3 O-O 10. Nf3 Qg4 11. h3 Qxg2 12. Rh2 Qxh2 13. Nxh2 exd5 14. cxd5 Bxd5
15. Be3 Nc6 16. O-O-O Bxc3 17. bxc3 Rae8 18. Rg1 Ne5 19. Ng4 Nfxg4 20. hxg4 Bf3
21. Qc2 Nxd3+ 22. Qxd3 d5 23. g5 Rd8 24. g6 h6 25. Qa6 c5 26. Bxh6 Rd7 27. Bd2
d4 28. Qc4+ Bd5 29. Qe2 Bxa2 30. c4 Rd6 31. Kb2 1-0

[Event "XX Corsicoscacchi Magistrale"]
[Site "Corsico ITA"]
[Date "2000.04.??"]
[Round "1"]
[White "Lanzani, Giuliano"]
[Black "Bemporad, Filippo"]
[Result "0-1"]
[WhiteElo "1923"]
[BlackElo "2110"]
[PlyCount "154"]
[EventDate "2000.04.28"]

1. e4 c5 2. Nf3 d6 3. d3 Nc6 4. g3 g6 5. Bg2 Bg7 6. c3 Nf6 7. Qe2 O-O 8. O-O e5
9. Rd1 Qe7 10. Nbd2 Bd7 11. Nf1 b5 12. Bg5 h6 13. Bxf6 Qxf6 14. Ne3 Rab8 15.
Nd5 Qd8 16. h3 Be6 17. Kh2 Bxd5 18. exd5 Ne7 19. Nd2 Qc7 20. Nf1 a5 21. Rab1
Rbe8 22. g4 Kh7 23. Ng3 f5 24. c4 b4 25. Rg1 Qd7 26. Rbf1 Bf6 27. gxf5 gxf5 28.
Qh5 Bg5 29. h4 Bf4 30. Bh3 Rf6 31. Kh1 Bxg3 32. Rxg3 Rg8 33. Rfg1 Rxg3 34. Rxg3
Qd8 35. Qf3 Qf8 36. h5 Rf7 37. Qg2 Rg7 38. Kh2 Qf6 39. Rxg7+ Qxg7 40. Qxg7+
Kxg7 41. Kg3 Kf6 42. f4 Nc8 43. b3 Nb6 44. Bg2 a4 45. Bf3 a3 46. Bd1 Nd7 47.
Be2 Nb6 48. Bd1 Kf7 49. Kf2 Nd7 50. Ke3 Nf6 51. Bf3 Ke7 52. Be2 e4 53. d4 Nd7
54. Bd1 cxd4+ 55. Kxd4 Nc5 56. Bc2 Kd7 57. Ke3 Kc7 58. Kd4 Kb6 59. Bb1 Nd7 60.
Bc2 Nf6 61. Bd1 e3 62. c5+ dxc5+ 63. Ke5 c4 64. Kxf6 cxb3 65. Bxb3 e2 66. Kxf5
e1=Q 67. Kg6 Qe4+ 68. Kxh6 Qxf4+ 69. Kg6 Qg4+ 70. Kf6 Qxh5 71. Ke7 Qh7+ 72. Ke6
Qg6+ 73. Ke5 Kc7 74. Kd4 Qd6 75. Kc4 Kb6 76. Kd4 Qf4+ 77. Kd3 Kc5 0-1

[Event "XX Corsicoscacchi Magistrale"]
[Site "Corsico ITA"]
[Date "2000.04.??"]
[Round "1"]
[White "Lapiccirella, Daniele"]
[Black "Profumo, Alberto"]
[Result "0-1"]
[WhiteElo "2053"]
[BlackElo "2254"]
[PlyCount "96"]
[EventDate "2000.04.28"]

1. d4 Nf6 2. c4 g6 3. Nc3 Bg7 4. e4 d6 5. f3 c6 6. Be3 Nbd7 7. Bd3 a6 8. Nge2
b5 9. O-O O-O 10. Qd2 e5 11. d5 bxc4 12. Bxc4 Nb6 13. Bb3 c5 14. Na4 Nfd7 15.
Nec3 a5 16. Nxb6 Nxb6 17. Na4 Bd7 18. Nxb6 Qxb6 19. Rfc1 Rfb8 20. Rab1 f5 21.
exf5 Bxf5 22. Bc2 Bd7 23. Bh6 Bxh6 24. Qxh6 Be8 25. f4 exf4 26. Rf1 Qc7 27.
Rxf4 Qg7 28. Qxg7+ Kxg7 29. b3 Bf7 30. Rbf1 Ra7 31. Re1 Rb4 32. Rff1 Rd4 33.
Rd1 Rxd1 34. Rxd1 Re7 35. Bd3 Re5 36. Bc4 g5 37. h3 Re4 38. Kf2 Kf6 39. g3 h6
40. Rd3 Ke5 41. g4 Bg6 42. Rd2 Rf4+ 43. Kg3 Be4 44. a4 Rf3+ 45. Kh2 Rc3 46. Rf2
Rc2 47. Rxc2 Bxc2 48. h4 Kf4 0-1

[Event "XX Corsicoscacchi Magistrale"]
[Site "Corsico ITA"]
[Date "2000.04.??"]
[Round "1"]
[White "Mariano, Elia"]
[Black "Ongarelli, Marco"]
[Result "1/2-1/2"]
[WhiteElo "2152"]
[BlackElo "2019"]
[PlyCount "81"]
[EventDate "2000.04.28"]

1. d4 Nf6 2. c4 g6 3. Nc3 Bg7 4. e4 d6 5. Nf3 O-O 6. Be2 Na6 7. O-O e5 8. d5
Nc5 9. Qc2 a5 10. Bg5 h6 11. Bh4 g5 12. Bg3 Nh5 13. b3 Nf4 14. Rfe1 f5 15. Bf1
fxe4 16. Nxe4 Nxe4 17. Qxe4 Bf5 18. Qe3 Qf6 19. Rad1 b6 20. Nd2 Qg6 21. Ne4 h5
22. f3 Bh6 23. Bxf4 exf4 24. Qd2 Rae8 25. Bd3 Bg7 26. Nf2 Be5 27. Bxf5 Qxf5 28.
Qd3 Qf6 29. Qe4 Re7 30. Kf1 Rg7 31. Qe2 Qf5 32. Nd3 Bf6 33. Qd2 Re7 34. Rxe7
Bxe7 35. Re1 Bf6 36. Qe2 Rf7 37. Qe4 Qxe4 38. Rxe4 Re7 39. Rxe7 Bxe7 40. Ke2
Kf7 41. Nf2 1/2-1/2

[Event "XX Corsicoscacchi Magistrale"]
[Site "Corsico ITA"]
[Date "2000.04.??"]
[Round "1"]
[White "Moratto, Davide"]
[Black "Giretti Kanev, Jasen"]
[Result "0-1"]
[WhiteElo "2022"]
[BlackElo "2155"]
[PlyCount "51"]
[EventDate "2000.04.28"]

1. e4 c6 2. d4 d5 3. Nd2 g6 4. e5 Bg7 5. h4 Qb6 6. Nb3 Nh6 7. Bxh6 Bxh6 8. h5
a5 9. a4 Na6 10. c3 Bf5 11. f3 O-O-O 12. g4 Be6 13. Qc2 Nc7 14. Nc5 f6 15. b4
fxe5 16. bxa5 Qxa5 17. Rb1 exd4 18. Nxb7 Qxc3+ 19. Qxc3 dxc3 20. Bd3 Rde8 21.
Nc5 Be3 22. Nxe6 Nxe6 23. Ke2 d4 24. Ba6+ Kc7 25. Rb7+ Kd6 26. Kd3 0-1

[Event "XX Corsicoscacchi Magistrale"]
[Site "Corsico ITA"]
[Date "2000.04.??"]
[Round "1"]
[White "Pace, Roberto"]
[Black "Lapiccirella, Mattia"]
[Result "1-0"]
[WhiteElo "2033"]
[BlackElo "2171"]
[PlyCount "97"]
[EventDate "2000.04.28"]

1. e4 c5 2. Nf3 Nc6 3. d4 cxd4 4. Nxd4 Nf6 5. Nc3 d6 6. Be2 e6 7. Bg5 a6 8. O-O
Be7 9. Qd2 Bd7 10. Rad1 Nxd4 11. Qxd4 Bc6 12. Rfe1 Qc7 13. Bf3 O-O 14. Rd3 Rfd8
15. Red1 b5 16. Ne2 Rac8 17. c3 h6 18. Bc1 d5 19. exd5 Bxd5 20. Bxd5 Rxd5 21.
Qe3 Bc5 22. Qg3 Rxd3 23. Rxd3 Ne4 24. Qxc7 Bxf2+ 25. Kf1 Rxc7 26. Bf4 Rb7 27.
Rd8+ Kh7 28. Nd4 g5 29. Be5 Bxd4 30. Bxd4 b4 31. cxb4 Rxb4 32. Ke2 Kg6 33. Kd3
Nf6 34. Kc3 Rb5 35. Bxf6 Kxf6 36. b4 a5 37. a3 axb4+ 38. axb4 Rf5 39. Rd2 Rd5
40. Rxd5 exd5 41. Kd4 Ke6 42. g4 Kd6 43. b5 f6 44. h3 f5 45. gxf5 h5 46. b6 g4
47. hxg4 h4 48. b7 Kc7 49. f6 1-0

[Event "XX Corsicoscacchi Magistrale"]
[Site "Corsico ITA"]
[Date "2000.04.??"]
[Round "1"]
[White "Podini, Francesco"]
[Black "Ubezio, Marco"]
[Result "1-0"]
[WhiteElo "2050"]
[BlackElo "2201"]
[PlyCount "57"]
[EventDate "2000.04.28"]

1. c4 e5 2. Nc3 Bb4 3. g3 Nf6 4. Bg2 O-O 5. e4 Nc6 6. Nge2 Re8 7. O-O a6 8. h3
Bc5 9. d3 Nd4 10. Nxd4 Bxd4 11. Ne2 Bc5 12. Kh2 b5 13. f4 bxc4 14. fxe5 cxd3
15. Qxd3 Rxe5 16. Bf4 Re6 17. e5 Rb8 18. exf6 Rxb2 19. Bf3 Bb7 20. Rab1 Qxf6
21. Rxb2 Qxb2 22. Rb1 Qxb1 23. Qxb1 Bxf3 24. Qb8+ Bf8 25. Nd4 Rb6 26. Qxc7 Rb7
27. Qc8 Rb2+ 28. Kg1 Bb7 29. Qd8 1-0

[Event "XX Corsicoscacchi Magistrale"]
[Site "Corsico ITA"]
[Date "2000.04.??"]
[Round "1"]
[White "Rossi, Giampiero"]
[Black "Mieli, Marcello"]
[Result "1-0"]
[WhiteElo "2078"]
[BlackElo "1843"]
[PlyCount "69"]
[EventDate "2000.04.28"]

1. d4 Nf6 2. c4 g6 3. g3 d6 4. Nc3 Bg7 5. Nf3 O-O 6. Bg2 c6 7. O-O Nbd7 8. Qc2
e5 9. Rd1 Qb6 10. b3 a5 11. Ba3 exd4 12. Nxd4 Nc5 13. h3 Nh5 14. e3 f5 15. Rac1
Re8 16. Nde2 Be5 17. Nf4 Nf6 18. Nd3 Nfe4 19. Nxe5 Nxc3 20. Bxc5 Qxc5 21. Nd3
Nxd1 22. Nxc5 Nxe3 23. fxe3 dxc5 24. Kf2 Be6 25. Rd1 Kf7 26. Rd2 h5 27. h4 Re7
28. Qd1 a4 29. bxa4 Bxc4 30. Rd7 Bxa2 31. Rxe7+ Kxe7 32. Qc2 Be6 33. Qxc5+ Kf6
34. a5 Rd8 35. Bf1 1-0

[Event "XX Corsicoscacchi Magistrale"]
[Site "Corsico ITA"]
[Date "2000.04.??"]
[Round "1"]
[White "Sibille, Ettore"]
[Black "Giordani, Marco"]
[Result "0-1"]
[WhiteElo "1900"]
[BlackElo "2080"]
[PlyCount "66"]
[EventDate "2000.04.28"]

1. e4 Nf6 2. e5 Nd5 3. c4 Nb6 4. d4 d6 5. exd6 exd6 6. Be3 Be7 7. h3 O-O 8. Nf3
Bf5 9. Nc3 Nc6 10. Be2 Bf6 11. O-O h6 12. Rc1 d5 13. b3 Re8 14. c5 Nc8 15. Qd2
N8e7 16. Rfe1 Be4 17. g4 Qd7 18. Kh2 Ng6 19. Ng1 Nf8 20. f3 Bg6 21. Bd3 Bxd3
22. Qxd3 Ne6 23. Nce2 Re7 24. f4 Rae8 25. Bf2 Nexd4 26. Bxd4 Nxd4 27. g5 hxg5
28. fxg5 Bxg5 29. Rcd1 Nxe2 30. Qxd5 Qxd5 31. Rxd5 Nxg1 32. Rxe7 Bxe7 33. Kxg1
Rd8 0-1

[Event "XX Corsicoscacchi Magistrale"]
[Site "Corsico ITA"]
[Date "2000.04.??"]
[Round "1"]
[White "Vismara, Daniele"]
[Black "Mastrorilli, Nicola"]
[Result "1/2-1/2"]
[WhiteElo "2265"]
[BlackElo "1935"]
[PlyCount "41"]
[EventDate "2000.04.28"]

1. Nf3 c5 2. c4 b6 3. g3 Bb7 4. Bg2 g6 5. O-O Bg7 6. Nc3 Nf6 7. Qa4 O-O 8. Rd1
d6 9. d4 cxd4 10. Nxd4 Bxg2 11. Kxg2 Qc7 12. e4 Rc8 13. b3 Qb7 14. f3 Nc6 15.
Be3 a6 16. Nxc6 Rxc6 17. Bd4 Rc7 18. Rac1 Rd7 19. Bxf6 Bxf6 20. Nd5 b5 21.
Nxf6+ 1/2-1/2

[Event "XX Corsicoscacchi Magistrale"]
[Site "Corsico ITA"]
[Date "2000.04.??"]
[Round "2"]
[White "Aglietti, Graziano"]
[Black "Bevilacqua, Maurizio"]
[Result "1-0"]
[WhiteElo "2051"]
[BlackElo "2129"]
[PlyCount "51"]
[EventDate "2000.04.28"]

1. e4 c5 2. c3 Nf6 3. e5 Nd5 4. d4 e6 5. Nf3 cxd4 6. cxd4 b6 7. Nc3 Bb7 8. Bd3
Nxc3 9. bxc3 Qc7 10. Bd2 Nc6 11. Qe2 Rc8 12. O-O Na5 13. Ng5 Nc4 14. Bf4 h6 15.
Ne4 Bd5 16. Qg4 Bxe4 17. Bxe4 g5 18. Bc1 d6 19. f4 gxf4 20. Bxf4 dxe5 21. dxe5
Qc5+ 22. Kh1 Ne3 23. Bxe3 Qxe3 24. Rxf7 Kxf7 25. Qg6+ Ke7 26. Qf6+ 1-0

[Event "XX Corsicoscacchi Magistrale"]
[Site "Corsico ITA"]
[Date "2000.04.??"]
[Round "2"]
[White "Bemporad, Filippo"]
[Black "Everet, Alexandro"]
[Result "1-0"]
[WhiteElo "2110"]
[BlackElo "2357"]
[PlyCount "149"]
[EventDate "2000.04.28"]

1. d4 Nf6 2. Nf3 g6 3. c4 Bg7 4. Nc3 O-O 5. e4 d6 6. Be2 Bg4 7. O-O Nc6 8. Be3
Nd7 9. d5 Bxf3 10. Bxf3 Nce5 11. Be2 Nb6 12. Bd4 c5 13. dxc6 bxc6 14. f4 c5 15.
Bxe5 dxe5 16. f5 Rb8 17. Qc1 gxf5 18. Rd1 Qc8 19. Qg5 e6 20. Rd3 f6 21. Qh5 Qe8
22. Qh3 fxe4 23. Nxe4 f5 24. Nxc5 Qe7 25. b4 e4 26. Rg3 Kh8 27. Rd1 Rbd8 28.
Rc1 Rd2 29. Qh5 Rg8 30. Kf1 Bf6 31. Rxg8+ Kxg8 32. a4 Kg7 33. Qh3 Kh8 34. Qe3
Rd4 35. Qf4 Rd8 36. a5 Nc8 37. Rd1 Nd6 38. Nb3 e5 39. Qd2 Qg7 40. Qc2 Rg8 41.
Rxd6 Qxg2+ 42. Ke1 e3 43. Qxf5 Bg7 44. Kd1 Qg1+ 45. Qf1 Qxh2 46. Rd7 e4 47. Rd5
Rf8 48. Rf5 Qd6+ 49. Kc2 Rb8 50. c5 Qd7 51. b5 a6 52. Qh3 Qe7 53. Qg3 Rd8 54.
Qg5 Qe8 55. Rd5 Rb8 56. b6 h6 57. Qxe3 Qa4 58. Kb1 Qa3 59. Rd2 Qa4 60. Bd1 Rf8
61. Ra2 Qc6 62. Rd2 Qf6 63. Qxe4 Qc3 64. Qd3 Qf6 65. Qd6 Qf5+ 66. Ka2 Be5 67.
Qxh6+ Kg8 68. Rg2+ Kf7 69. Qh5+ Qxh5 70. Bxh5+ Ke6 71. c6 Rf4 72. c7 Ra4+ 73.
Kb1 Rc4 74. Rc2 Rf4 75. c8=Q+ 1-0

[Event "XX Corsicoscacchi Magistrale"]
[Site "Corsico ITA"]
[Date "2000.04.??"]
[Round "2"]
[White "Bertazzo, Giorgio"]
[Black "Barlocco, Carlo"]
[Result "0-1"]
[WhiteElo "2072"]
[BlackElo "2170"]
[PlyCount "116"]
[EventDate "2000.04.28"]

1. e4 c5 2. Nf3 a6 3. d3 Nc6 4. Nbd2 g6 5. g3 Bg7 6. Bg2 e6 7. O-O Nge7 8. Re1
Qc7 9. c3 b6 10. Nb3 O-O 11. d4 cxd4 12. cxd4 d5 13. e5 a5 14. Bf4 a4 15. Nbd2
Nb4 16. Nf1 Ba6 17. Re3 Rfc8 18. a3 Nbc6 19. Rc3 Qd7 20. Rac1 Bc4 21. Ne3 b5
22. Ng4 Qa7 23. Nf6+ Kh8 24. g4 Ng8 25. g5 Nge7 26. Bh3 b4 27. axb4 Nxb4 28.
Ra1 Bb5 29. Raa3 Qa6 30. Bf1 Nbc6 31. Bxb5 Qxb5 32. Rd3 Nf5 33. Be3 Qxb2 34.
Rxa4 Na5 35. Ra1 Nc4 36. Rb1 Qa2 37. Qf1 Ncxe3 38. fxe3 h5 39. Rbd1 Rc2 40. Re1
Rb8 41. Ra1 Rg2+ 42. Kh1 Qe2 43. Qxe2 Rxe2 44. Rb3 Rc8 45. Rc3 Rd8 46. Rac1 Rf2
47. e4 Rxf3 48. Rxf3 dxe4 49. Rfc3 Bxf6 50. gxf6 Rxd4 51. Rc4 e3 52. Rxd4 Nxd4
53. Re1 e2 54. Kg2 g5 55. Rc1 Kh7 56. Kf2 Kg6 57. Rc4 e1=Q+ 58. Kxe1 Nf3+ 0-1

[Event "XX Corsicoscacchi Magistrale"]
[Site "Corsico ITA"]
[Date "2000.04.??"]
[Round "2"]
[White "Facchetti, Gianni"]
[Black "Pace, Roberto"]
[Result "1-0"]
[WhiteElo "2146"]
[BlackElo "2033"]
[PlyCount "87"]
[EventDate "2000.04.28"]

1. e4 c5 2. Nf3 d6 3. d4 cxd4 4. Qxd4 Nc6 5. Bb5 Bd7 6. Bxc6 Bxc6 7. c4 Nf6 8.
Nc3 g6 9. O-O Bg7 10. Qd3 O-O 11. Nd4 Nd7 12. Be3 Nc5 13. Qc2 Bd7 14. Rac1 Ne6
15. Rfd1 Qc8 16. Nd5 Re8 17. b4 b6 18. h3 Qb7 19. Qb3 Rac8 20. a3 Nxd4 21. Bxd4
Bxd4 22. Rxd4 Bc6 23. Re1 Bxd5 24. exd5 Qd7 25. Qg3 e6 26. dxe6 Rxe6 27. Red1
Qe8 28. Kh2 Rc7 29. Qf4 Qc8 30. Rxd6 Rxd6 31. Rxd6 Rxc4 32. Qf6 Qb8 33. g3 Rc8
34. Rd7 Rf8 35. b5 Qa8 36. a4 a6 37. Qxb6 axb5 38. axb5 Rb8 39. Qf6 Qa2 40. b6
Qe6 41. Rd8+ Rxd8 42. Qxd8+ Kg7 43. b7 Qa2 44. Qd4+ 1-0

[Event "XX Corsicoscacchi Magistrale"]
[Site "Corsico ITA"]
[Date "2000.04.??"]
[Round "2"]
[White "Giordani, Marco"]
[Black "Astengo, Corrado"]
[Result "1/2-1/2"]
[WhiteElo "2080"]
[BlackElo "2189"]
[PlyCount "63"]
[EventDate "2000.04.28"]

1. d4 d5 2. c4 c6 3. e3 Nf6 4. Nf3 a6 5. Nc3 e6 6. Bd3 dxc4 7. Bxc4 b5 8. Bd3
c5 9. O-O Bb7 10. Qe2 Nbd7 11. Rd1 Qb6 12. a4 b4 13. Nb1 Be7 14. Nbd2 O-O 15.
Nc4 Qc7 16. Nfe5 Rad8 17. e4 cxd4 18. Bf4 Nxe5 19. Bxe5 Qd7 20. a5 Qc6 21. Re1
Nd7 22. Bxd4 Nc5 23. Bxc5 Bxc5 24. Rac1 Qd7 25. Red1 Qe7 26. Nb6 Bxb6 27. axb6
Qd6 28. Qe3 Rc8 29. Bxa6 Rxc1 30. Qxc1 Qxb6 31. Bxb7 Qxb7 32. Rd4 1/2-1/2

[Event "XX Corsicoscacchi Magistrale"]
[Site "Corsico ITA"]
[Date "2000.04.??"]
[Round "2"]
[White "Giretti Kanev, Jasen"]
[Black "Podini, Francesco"]
[Result "0-1"]
[WhiteElo "2155"]
[BlackElo "2050"]
[PlyCount "115"]
[EventDate "2000.04.28"]

1. e4 c5 2. Nf3 e6 3. d3 Nc6 4. g3 g6 5. Be3 Bg7 6. c3 d6 7. d4 cxd4 8. cxd4
Qa5+ 9. Qd2 Qxd2+ 10. Nbxd2 Nf6 11. Bf4 Ke7 12. Bd3 Rd8 13. Rc1 h6 14. h4 Ng4
15. Bb5 Nxd4 16. Rc7+ Bd7 17. Nxd4 Bxd4 18. f3 Ne5 19. Rxb7 Rab8 20. Rxb8 Rxb8
21. Bxd7 Kxd7 22. b3 Rc8 23. Kd1 Nd3 24. Ke2 Nc1+ 25. Kf1 Nxa2 26. Bxh6 Rc1+
27. Kg2 Rc2 28. Kh3 f6 29. Nc4 Rc3 30. Rd1 e5 31. Nd2 Rd3 32. Kg4 Nb4 33. Rc1
Bb2 34. Rb1 Bc3 35. Nc4 Nc2 36. Rc1 Nd4 37. Be3 Nxb3 38. Rb1 Bd4 39. Bxd4 Nxd4
40. Rb7+ Kc6 41. Rxa7 Rxf3 42. Rg7 f5+ 43. Kh3 Ne6 44. Nxe5+ dxe5 45. Rxg6 Kd7
46. exf5 Rxf5 47. Kg4 Rf7 48. Rg8 Rg7+ 49. Rxg7+ Nxg7 50. h5 Ke6 51. h6 Nf5 52.
h7 Nh6+ 53. Kh5 Nf7 54. g4 Kf6 55. g5+ Kg7 56. Kg4 Kg6 57. h8=Q Nxh8 58. Kf3
0-1

[Event "XX Corsicoscacchi Magistrale"]
[Site "Corsico ITA"]
[Date "2000.04.??"]
[Round "2"]
[White "Griffa, Roberto"]
[Black "Lanzani, Giuliano"]
[Result "0-1"]
[WhiteElo "2062"]
[BlackElo "1923"]
[PlyCount "86"]
[EventDate "2000.04.28"]

1. Nf3 g6 2. c4 Bg7 3. g3 Nf6 4. Bg2 O-O 5. O-O d6 6. Nc3 Nc6 7. Rb1 a5 8. a3
e5 9. d3 h6 10. b4 axb4 11. axb4 Qe7 12. b5 Nd4 13. e3 Nxf3+ 14. Bxf3 Rb8 15.
Bb2 Bd7 16. Ra1 Bh3 17. Re1 h5 18. Ra7 Bg4 19. h3 Bxh3 20. Bxb7 h4 21. Nd5 Nxd5
22. Bxd5 hxg3 23. fxg3 Qg5 24. Kh2 Bg4 25. Qd2 Qh5+ 26. Kg1 Bf3 27. Bxf3 Qxf3
28. Qf2 Qxf2+ 29. Kxf2 Rfc8 30. Kf3 e4+ 31. Kxe4 Bxb2 32. Kd5 Rb6 33. d4 c6+
34. Kxd6 cxb5+ 35. Kd7 Rxc4 36. Rc7 Ba3 37. Rxc4 bxc4 38. Kc7 Rb3 39. d5 Rd3
40. Kc6 c3 41. Kb5 Rxd5+ 42. Kc4 Rc5+ 43. Kb3 c2 0-1

[Event "XX Corsicoscacchi Magistrale"]
[Site "Corsico ITA"]
[Date "2000.04.??"]
[Round "2"]
[White "Leoni, Fabrizio"]
[Black "Qendro, Llambi"]
[Result "0-1"]
[WhiteElo "1920"]
[BlackElo "2350"]
[PlyCount "56"]
[EventDate "2000.04.28"]

1. d4 g6 2. c4 Bg7 3. Nc3 d6 4. e4 e5 5. d5 a5 6. Nf3 Nf6 7. Be2 Nbd7 8. Bg5 h6
9. Bh4 g5 10. Bg3 Nh5 11. Nd2 Nf4 12. O-O Nc5 13. Bg4 Bxg4 14. Qxg4 Nfd3 15. h4
Nxb2 16. Nf3 Qd7 17. Qxd7+ Kxd7 18. hxg5 hxg5 19. Nxg5 Rh5 20. Rab1 Nxc4 21.
Nf3 Rah8 22. Bh2 Bh6 23. Rfd1 Bd2 24. Nxd2 Rxh2 25. g4 Nxd2 26. Rxd2 Nxe4 27.
Rc2 Nxc3 28. Rxb7 Nxd5 0-1

[Event "XX Corsicoscacchi Magistrale"]
[Site "Corsico ITA"]
[Date "2000.04.??"]
[Round "2"]
[White "Mastrorilli, Nicola"]
[Black "Bonazzi, Edoardo"]
[Result "1/2-1/2"]
[WhiteElo "1935"]
[BlackElo "2060"]
[PlyCount "68"]
[EventDate "2000.04.28"]

1. d4 Nf6 2. Nf3 e6 3. c4 d5 4. e3 dxc4 5. Bxc4 c5 6. O-O a6 7. Qe2 b5 8. Bd3
Nbd7 9. Rd1 Bb7 10. a4 b4 11. Nbd2 a5 12. Nb3 Qb6 13. e4 c4 14. Bxc4 Bxe4 15.
d5 Bxf3 16. gxf3 e5 17. Be3 Qb8 18. Bb5 Bd6 19. Nc5 Ke7 20. Nxd7 Nxd7 21. Bc6
Rc8 22. Rac1 Ra7 23. Bxa7 Qxa7 24. Bxd7 Rxc1 25. Rxc1 Qxd7 26. Qb5 Qf5 27. Qb7+
Kf6 28. Qc8 Qxf3 29. Qd8+ Be7 30. Rc6+ Kf5 31. Qd7+ Ke4 32. Rc1 Kd3 33. Qxe7
Qg4+ 34. Kf1 Qe2+ 1/2-1/2

[Event "XX Corsicoscacchi Magistrale"]
[Site "Corsico ITA"]
[Date "2000.04.??"]
[Round "2"]
[White "Mieli, Marcello"]
[Black "Lapiccirella, Daniele"]
[Result "1/2-1/2"]
[WhiteElo "1843"]
[BlackElo "2053"]
[PlyCount "46"]
[EventDate "2000.04.28"]

1. Nf3 d5 2. c4 c6 3. b3 Nf6 4. g3 Bg4 5. Bb2 e6 6. Bg2 Nbd7 7. O-O Bd6 8. d3
O-O 9. Nbd2 Qe7 10. a3 a5 11. Qc2 e5 12. e4 dxe4 13. Nxe4 Nxe4 14. dxe4 Rfe8
15. Rfd1 Rad8 16. Rd2 Bc5 17. Bc3 Bxa3 18. Bxa5 Ra8 19. Bc3 Bb4 20. Rxa8 Rxa8
21. h3 Bxf3 22. Bxb4 Qxb4 23. Rxd7 Bh5 1/2-1/2

[Event "XX Corsicoscacchi Magistrale"]
[Site "Corsico ITA"]
[Date "2000.04.??"]
[Round "2"]
[White "Ongarelli, Marco"]
[Black "Vismara, Daniele"]
[Result "1-0"]
[WhiteElo "2019"]
[BlackElo "2265"]
[PlyCount "29"]
[EventDate "2000.04.28"]

1. d4 Nf6 2. Nf3 e6 3. Bf4 b6 4. e3 Be7 5. h3 d5 6. Ne5 O-O 7. Nd2 Nfd7 8. Bd3
Nxe5 9. Bxe5 g6 10. Qe2 a5 11. a3 Ba6 12. Bxa6 Rxa6 13. c4 c5 14. Bxb8 Qxb8 15.
cxd5 1-0